<?xml version="1.0" encoding="UTF-8"?>
<record
    xmlns:xsi="http://www.w3.org/2001/XMLSchema-instance"
    xsi:schemaLocation="http://www.loc.gov/MARC21/slim http://www.loc.gov/standards/marcxml/schema/MARC21slim.xsd"
    xmlns="http://www.loc.gov/MARC21/slim">

  <leader>01028nam a22002537a 4500</leader>
  <datafield tag="010" ind1=" " ind2=" ">
    <subfield code="a">B-082152</subfield>
  </datafield>
  <datafield tag="020" ind1=" " ind2=" ">
    <subfield code="c">140.00</subfield>
  </datafield>
  <datafield tag="035" ind1=" " ind2=" ">
    <subfield code="a">B-082152</subfield>
  </datafield>
  <datafield tag="037" ind1=" " ind2=" ">
    <subfield code="a">Cen Lib / Ret</subfield>
  </datafield>
  <datafield tag="040" ind1=" " ind2=" ">
    <subfield code="a">DPL</subfield>
    <subfield code="b">HN</subfield>
  </datafield>
  <datafield tag="082" ind1=" " ind2=" ">
    <subfield code="a">220.21</subfield>
    <subfield code="b">&#x90B;&#x917;&#x94D;&#x935;&#x947;&#x926;</subfield>
  </datafield>
  <datafield tag="245" ind1=" " ind2=" ">
    <subfield code="a">&#x90B;&#x917;&#x935;&#x947;&#x926;-&#x938;&#x902;&#x939;&#x93F;&#x924;&#x93E; :</subfield>
    <subfield code="b">&#x938;&#x92E;&#x94D;&#x92A;&#x93E;&#x926;&#x915; &#x936;&#x94D;&#x930;&#x940;&#x930;&#x93E;&#x92E; &#x936;&#x930;&#x94D;&#x92E;&#x93E;</subfield>
    <subfield code="c">&#x938;&#x930;&#x932; &#x939;&#x93F;&#x928;&#x94D;&#x926;&#x940; &#x92D;&#x93E;&#x935;&#x93E;&#x930;&#x94D;&#x925; &#x938;&#x939;&#x93F;&#x924; /</subfield>
  </datafield>
  <datafield tag="246" ind1=" " ind2=" ">
    <subfield code="a">Rigved sanhita /</subfield>
    <subfield code="b">by Saynacharya ; edited by Mannokshmulakbhatt</subfield>
  </datafield>
  <datafield tag="260" ind1=" " ind2=" ">
    <subfield code="a">&#x909;&#x924;&#x94D;&#x924;&#x930;&#x93E;&#x902;&#x91A;&#x932;</subfield>
    <subfield code="b">&#x92C;&#x94D;&#x930;&#x939;&#x935;&#x930;&#x94D;&#x91A;&#x938;&#x94D; </subfield>
    <subfield code="c">2004</subfield>
  </datafield>
  <datafield tag="270" ind1=" " ind2=" ">
    <subfield code="b">&#x909;&#x924;&#x94D;&#x924;&#x930;&#x93E;&#x902;&#x91A;&#x932;</subfield>
    <subfield code="a">&#x936;&#x93E;&#x928;&#x94D;&#x924;&#x93F;&#x915;&#x941;&#x91E;&#x94D;&#x91C;, &#x939;&#x930;&#x93F;&#x926;&#x94D;&#x935;&#x93E;&#x930;</subfield>
  </datafield>
  <datafield tag="300" ind1=" " ind2=" ">
    <subfield code="a">v 2. 428p. ; v 3. 364p</subfield>
    <subfield code="b">22cm.</subfield>
  </datafield>
  <datafield tag="500" ind1=" " ind2=" ">
    <subfield code="a">v 2. &#x92E;&#x923;&#x94D;&#x921;&#x932; 3,4,5,6 ;v 3. &#x92E;&#x923;&#x94D;&#x921;&#x932; 7-8 ;</subfield>
  </datafield>
  <datafield tag="650" ind1=" " ind2=" ">
    <subfield code="a">&#x90B;&#x917;&#x935;&#x947;&#x926;</subfield>
  </datafield>
  <datafield tag="650" ind1=" " ind2=" ">
    <subfield code="a">&#x935;&#x947;&#x926;</subfield>
  </datafield>
  <datafield tag="650" ind1=" " ind2=" ">
    <subfield code="a">Rigveda</subfield>
  </datafield>
  <datafield tag="650" ind1=" " ind2=" ">
    <subfield code="a">Veda</subfield>
  </datafield>
  <datafield tag="700" ind1=" " ind2=" ">
    <subfield code="a">&#x936;&#x930;&#x94D;&#x92E;&#x93E;, &#x936;&#x94D;&#x930;&#x940;&#x930;&#x93E;&#x92E;  </subfield>
  </datafield>
  <datafield tag="942" ind1=" " ind2=" ">
    <subfield code="2">ddc</subfield>
    <subfield code="c">HN</subfield>
    <subfield code="h">220.21</subfield>
    <subfield code="m">&#x90B;&#x917;&#x94D;&#x935;&#x947;&#x926;</subfield>
  </datafield>
  <datafield tag="999" ind1=" " ind2=" ">
    <subfield code="c">122244</subfield>
    <subfield code="d">122244</subfield>
  </datafield>
  <datafield tag="952" ind1=" " ind2=" ">
    <subfield code="0">0</subfield>
    <subfield code="1">0</subfield>
    <subfield code="3">v.3</subfield>
    <subfield code="4">0</subfield>
    <subfield code="7">1</subfield>
    <subfield code="8">REF</subfield>
    <subfield code="a">L</subfield>
    <subfield code="b">L</subfield>
    <subfield code="d">2016-03-10</subfield>
    <subfield code="e">Cen Lib/Ret</subfield>
    <subfield code="g">140.00</subfield>
    <subfield code="l">0</subfield>
    <subfield code="o">220.21 &#x90B;&#x917;&#x94D;&#x935;&#x947;&#x926;</subfield>
    <subfield code="p">B-082152</subfield>
    <subfield code="r">2016-03-10 00:00:00</subfield>
    <subfield code="v">140.00</subfield>
    <subfield code="w">2016-03-10</subfield>
    <subfield code="y">HN</subfield>
  </datafield>
  <datafield tag="952" ind1=" " ind2=" ">
    <subfield code="0">0</subfield>
    <subfield code="1">0</subfield>
    <subfield code="3">v.2</subfield>
    <subfield code="4">0</subfield>
    <subfield code="7">1</subfield>
    <subfield code="8">REF</subfield>
    <subfield code="a">L</subfield>
    <subfield code="b">L</subfield>
    <subfield code="d">2016-03-10</subfield>
    <subfield code="e">Cen Lib/Ret</subfield>
    <subfield code="g">140.00</subfield>
    <subfield code="l">0</subfield>
    <subfield code="o">220.21 &#x90B;&#x917;&#x94D;&#x935;&#x947;&#x926;</subfield>
    <subfield code="p">B-082151</subfield>
    <subfield code="r">2016-03-10 00:00:00</subfield>
    <subfield code="v">140.00</subfield>
    <subfield code="w">2016-03-10</subfield>
    <subfield code="y">HN</subfield>
  </datafield>
</record>
